000 00466cam a22001217a 4500
008 180718b1993 xxu||||| |||| 00| 0 eng d
082 _aR22068x54 In2/1993/T
245 _aOccupational wage survey (fifth round): report on tea processing industry (1993)
_cby Labour Bureau, Ministry of Labour
260 _aDelhi
_bController of Publications
_c1993
300 _a74p.
650 _aTea p[rocessing - Industry - India
700 _aIndia. Ministry of Labour. Labour Bureau
999 _c482365
_d482365